[Event "Lichtenberger Sommer 2017"]
[Site "Berlin"]
[Date "2017.08.20"]
[Round "2.75"]
[White "Ros Alonso, Joana"]
[Black "Nimptsch, Nikolas"]
[Result "1-0"]
[WhiteElo "1820"]
[BlackElo "1379"]
[PlyCount "55"]
[EventDate "2017.??.??"]
[WhiteTeam "Sant Boi de Llobregat"]
[BlackTeam "Leegebrucher SF"]

1. e4 b6 2. d4 Bb7 3. Nc3 e6 4. Bd3 Bb4 5. Nge2 Nf6 6. O-O d5 7. e5 Nfd7 8. Nf4
c5 9. a3 Bxc3 10. bxc3 c4 11. Qh5 Qe7 12. Be2 Nc6 13. a4 O-O-O 14. Ba3 Qe8 15.
Bd6 Ne7 16. Bg4 Ng6 17. Ne2 f6 18. f4 f5 19. Bf3 Bc6 20. Rfb1 Bxa4 21. Rxa4 Nf6
22. Rxa7 Nxh5 23. Rc7+ Kb8 24. Rxb6+ Ka8 25. Ra6+ Kb8 26. Rd7+ Kc8 27. Rc6+
Kxd7 28. Rc7# 1-0

[Event "Lichtenberger Sommer 2017"]
[Site "Berlin"]
[Date "2017.08.20"]
[Round "2.76"]
[White "Polatel, Nur"]
[Black "Milare, Tyron"]
[Result "0-1"]
[WhiteElo "1355"]
[BlackElo "1730"]
[PlyCount "70"]
[EventDate "2017.??.??"]
[WhiteTeam "SC Zugzwang 95 (Berlin)"]
[BlackTeam "Potsdamer SV"]

1. e4 c5 2. Nc3 Nc6 3. g3 e5 4. Bg2 Nf6 5. d3 d6 6. f4 Bg4 7. Nf3 exf4 8. Bxf4
Nh5 9. Qd2 Bxf3 10. Bxf3 Nxf4 11. Qxf4 Be7 12. O-O Bg5 13. Qg4 Ne5 14. Qh3 c4
15. Rad1 cxd3 16. cxd3 O-O 17. Kh1 Qb6 18. Qg2 Qd4 19. Nd5 Kh8 20. Qf2 Nc6 21.
Bg2 Qxf2 22. Rxf2 Nd4 23. Bh3 b5 24. a3 a5 25. Bd7 Ra7 26. Bh3 f6 27. b4 axb4
28. axb4 Rfa8 29. Nb6 Ra1 30. Rff1 Rxd1 31. Rxd1 Ra6 32. Nd5 Ra4 33. Bd7 Ra2
34. Nc3 Rc2 35. Nxb5 Nf3 0-1

[Event "Lichtenberger Sommer 2017"]
[Site "Berlin"]
[Date "2017.08.20"]
[Round "2.77"]
[White "Wimmer, Thomas"]
[Black "Roloff, Karsten"]
[Result "1-0"]
[WhiteElo "1878"]
[BlackElo "1588"]
[PlyCount "27"]
[EventDate "2017.??.??"]
[WhiteTeam "SK Marburg"]
[BlackTeam "Königsjäger Süd-West"]

1. d4 d5 2. c4 e6 3. Nc3 c6 4. e4 dxe4 5. Nxe4 Bb4+ 6. Bd2 Qxd4 7. Bxb4 Qxe4+
8. Be2 Na6 9. Bd6 f6 10. Nf3 Kf7 11. O-O Ne7 12. Re1 b6 13. Bd3 Qg4 14. Ne5+
1-0

[Event "Lichtenberger Sommer 2017"]
[Site "Berlin"]
[Date "2017.08.20"]
[Round "2.78"]
[White "Murat, Abylay"]
[Black "Bruening, Wolfgang"]
[Result "0-1"]
[WhiteElo "1400"]
[BlackElo "1791"]
[PlyCount "128"]
[EventDate "2017.??.??"]
[WhiteTeam "vereinslos"]
[BlackTeam "vereinslos"]

1. e4 c5 2. Nf3 e6 3. c3 d5 4. e5 Nc6 5. d4 Qb6 6. b3 cxd4 7. cxd4 Bb4+ 8. Bd2
Nxd4 9. Bxb4 Qxb4+ 10. Nbd2 Nxf3+ 11. Qxf3 Bd7 12. Qe3 Rc8 13. Qxa7 Qc3 14. Rd1
Qxe5+ 15. Be2 Bb5 16. Qe3 Qxe3 17. fxe3 Bxe2 18. Kxe2 Nf6 19. Rc1 Kd7 20. Nf3
Ne4 21. Ne5+ Ke7 22. a4 f6 23. Nd3 Rc6 24. a5 Rhc8 25. b4 h5 26. Rxc6 Rxc6 27.
Rc1 Rxc1 28. Nxc1 Kd6 29. Nb3 e5 30. Kd3 g5 31. b5 Nc5+ 32. Kc3 Nxb3 33. Kxb3
Kc5 34. Ka4 d4 35. a6 bxa6 36. bxa6 dxe3 37. a7 e2 38. a8=Q e1=Q 39. Qf8+ Kc4
40. Qf7+ Kc5 41. Qc7+ Kd4 42. Qd6+ Ke4 43. Qc6+ Kf5 44. Qd7+ Kf4 45. g3+ Ke3
46. Qa7+ Kf3 47. Kb5 Qb1+ 48. Kc4 Qc2+ 49. Kd5 e4 50. Qa1 Qb3+ 51. Kd4 Qd3+ 52.
Kc5 Qc2+ 53. Kd5 Qd2+ 54. Kc4 Qd3+ 55. Kc5 f5 56. Qh1+ Kf2 57. Qa1 e3 58. Qb2+
e2 59. h4 Qxg3 60. hxg5 Qxg5 61. Kd5 Kf1 62. Qb1+ e1=Q 63. Qd3+ Qe2 64. Qh3+
Qeg2+ 0-1

[Event "Lichtenberger Sommer 2017"]
[Site "Berlin"]
[Date "2017.08.20"]
[Round "2.79"]
[White "Lieder, Günter"]
[Black "Lange, Malina"]
[Result "1-0"]
[WhiteElo "1840"]
[BlackElo "1579"]
[PlyCount "77"]
[EventDate "2017.??.??"]
[WhiteTeam "SK Turm Bad Hersfeld"]
[BlackTeam "TuS Makkabi Berlin"]

1. c4 e5 2. Nc3 Nf6 3. g3 c6 4. Bg2 d5 5. cxd5 cxd5 6. d3 Bf5 7. Qb3 Be6 8.
Qxb7 Nbd7 9. Qa6 Bc5 10. Qa4 O-O 11. Nf3 Qb6 12. O-O h6 13. a3 Rfc8 14. Qd1 Ng4
15. e3 f5 16. d4 exd4 17. Nxd4 Bxd4 18. exd4 Qd6 19. Bf4 Qc6 20. Rc1 Qb7 21. b4
a5 22. b5 Nb6 23. Re1 Bd7 24. a4 Rc4 25. Bf1 Rcc8 26. Qb3 Nf6 27. Be5 Ng4 28.
Bg2 Nxe5 29. Rxe5 Rc4 30. Rd1 Rac8 31. Nxd5 Be6 32. Nf6+ gxf6 33. Bxb7 fxe5 34.
Bxc8 Bxc8 35. dxe5 Be6 36. Qe3 Nxa4 37. Qxh6 Bc8 38. Rd8+ Kf7 39. Qf6# 1-0

[Event "Lichtenberger Sommer 2017"]
[Site "Berlin"]
[Date "2017.08.20"]
[Round "2.81"]
[White "Otter, Nils"]
[Black "Möller, Dirk"]
[Result "0-1"]
[WhiteElo "1759"]
[BlackElo "1555"]
[PlyCount "130"]
[EventDate "2017.??.??"]
[WhiteTeam "Admira Villach"]
[BlackTeam "SC Kreuzberg"]

1. e4 e5 2. f4 exf4 3. Nf3 d6 4. Bc4 h6 5. O-O g5 6. d3 Be6 7. Bxe6 fxe6 8. Nd4
Qf6 9. Qh5+ Kd7 10. c3 Nc6 11. Ne2 Nge7 12. Na3 Ne5 13. d4 Qg6 14. Qh3 Nf7 15.
Qd3 d5 16. Qb5+ Kc8 17. e5 c6 18. Qb3 Qe4 19. Qd1 Nf5 20. c4 Nh4 21. Rf2 h5 22.
Nc3 Qg6 23. cxd5 exd5 24. Nc2 Nh6 25. Ne1 N6f5 26. Qc2 Nxd4 27. Qxg6 Nxg6 28.
Nd3 Bg7 29. Ne2 Ne6 30. Bd2 Nxe5 31. Nb4 Nc4 32. Bc3 Bxc3 33. Nxc3 Ne3 34. Rc1
Kd7 35. Nd3 Kd6 36. Ne2 Rae8 37. h4 gxh4 38. Nexf4 Nxf4 39. Rxf4 Reg8 40. Rf6+
Ke7 41. Rf2 Kd6 42. Rf6+ Kc7 43. Nf4 h3 44. Rc3 Nxg2 45. Ne6+ Kd7 46. Nc5+ Ke7
47. Re6+ Kf7 48. Rf3+ Kg7 49. Rg3+ Kf7 50. Rf3+ Nf4+ 51. Kh1 Rg4 52. Re5 Kf6
53. Nd7+ Kf7 54. Rf5+ Ke6 55. R5xf4 Rxf4 56. Rxf4 Kxd7 57. Rf7+ Kc8 58. Kh2 d4
59. Kxh3 Re8 60. Rf2 Re3+ 61. Kh4 d3 62. Rd2 c5 63. Kxh5 c4 64. Kg4 Re2 65. Rd1
Rxb2 0-1

[Event "Lichtenberger Sommer 2017"]
[Site "Berlin"]
[Date "2017.08.20"]
[Round "2.82"]
[White "Freude, Max"]
[Black "Korell, Klaus-Peter"]
[Result "1/2-1/2"]
[WhiteElo "1416"]
[BlackElo "1852"]
[PlyCount "109"]
[EventDate "2017.??.??"]
[WhiteTeam "SV Empor Berlin"]
[BlackTeam "SG TT/Wiheil"]

1. d4 Nf6 2. Nf3 d5 3. c4 c6 4. Nc3 e6 5. e3 a6 6. cxd5 exd5 7. Bd3 Bd6 8. O-O
O-O 9. Qc2 h6 10. h3 Nbd7 11. Bd2 Re8 12. Rae1 c5 13. b3 b5 14. Rb1 Bb7 15. Bc1
Rc8 16. Qb2 c4 17. bxc4 dxc4 18. Be2 Nb6 19. a3 Bc6 20. Rd1 Nbd5 21. Nxd5 Bxd5
22. Bd2 Ne4 23. Bc3 Qe7 24. Ra1 Ra8 25. Rdc1 f5 26. Bb4 Reb8 27. Bxd6 Qxd6 28.
Qb4 Qf6 29. Qb2 a5 30. Rab1 Qd6 31. Ne5 c3 32. Qc2 b4 33. axb4 axb4 34. Bc4
Bxc4 35. Nxc4 Qc7 36. Ne5 Nd2 37. Qxd2 Qxe5 38. dxe5 cxd2 39. Rc2 Ra5 40. f4
Rd5 41. Rd1 b3 42. Rb2 Rc8 43. Rdxd2 Rxd2 44. Rxd2 Rc2 45. Rd8+ Kf7 46. Rb8 b2
47. Kh2 h5 48. Kg3 h4+ 49. Kf3 g6 50. g3 hxg3 51. Kxg3 Re2 52. Kf3 Rh2 53. Kg3
Re2 54. Kf3 Rh2 55. Kg3 1/2-1/2

[Event "Lichtenberger Sommer 2017"]
[Site "Berlin"]
[Date "2017.08.20"]
[Round "2.83"]
[White "Wolff, Marie Antoinette"]
[Black "Baumgaertner, Andre"]
[Result "0-1"]
[WhiteElo "1778"]
[BlackElo "1652"]
[PlyCount "70"]
[EventDate "2017.??.??"]
[WhiteTeam "Leegebrucher SF"]
[BlackTeam "SC Friesen Lichtenberg"]

1. d4 d5 2. c4 e6 3. Nc3 Nf6 4. Nf3 Bb4 5. Bd2 O-O 6. e3 b6 7. Bd3 Bb7 8. a3
Bxc3 9. Bxc3 Nbd7 10. O-O Re8 11. Rc1 dxc4 12. Bxc4 c5 13. b4 Rc8 14. Ne5 Nxe5
15. dxe5 Ne4 16. bxc5 Qxd1 17. Rfxd1 Nxc3 18. Rxc3 Rxc5 19. Rdc1 Rec8 20. Rd1
g6 21. Bxe6 fxe6 22. Rxc5 bxc5 23. f3 Rc7 24. Kf2 Kf7 25. e4 Ke7 26. Ke3 c4 27.
Rc1 Ba6 28. Kd4 Kd7 29. Kc3 Kc6 30. Rb1 Rb7 31. Rb4 Kc5 32. h4 Bb5 33. g4 a5
34. Rb2 a4 35. Rb4 Rf7 0-1

[Event "Lichtenberger Sommer 2017"]
[Site "Berlin"]
[Date "2017.08.20"]
[Round "2.85"]
[White "Abraham, Helmut"]
[Black "Bender, Sebastian"]
[Result "0-1"]
[WhiteElo "1488"]
[BlackElo "1876"]
[PlyCount "100"]
[EventDate "2017.??.??"]
[WhiteTeam "SC Kreuzberg"]
[BlackTeam "SC Zugzwang 95 (Berlin)"]

1. Nf3 Nf6 2. c4 g6 3. Nc3 Bg7 4. e3 O-O 5. d4 d6 6. b3 c5 7. Bb2 Nbd7 8. Be2
cxd4 9. exd4 Qa5 10. O-O d5 11. Qc2 Nb6 12. c5 Bf5 13. Bd3 Bxd3 14. Qxd3 Nbd7
15. a4 a6 16. Ne2 Ne4 17. Ng3 Nexc5 18. Qc2 Ne6 19. Qd1 Rac8 20. Rc1 Qb4 21.
Ne5 Rxc1 22. Qxc1 Nxe5 23. dxe5 Qxb3 24. Qa1 Nc5 25. f4 Qxa4 26. Ba3 Nb3 27.
Qb2 Qd4+ 28. Qxd4 Nxd4 29. Bxe7 Rc8 30. Rd1 Nc6 31. Bd6 d4 32. Ne2 Bf8 33. Nxd4
Bxd6 34. exd6 Rd8 35. Nf3 f6 36. Kf2 Kf7 37. Ke2 Ke6 38. Rb1 Rd7 39. Ke3 Kxd6
40. Rb6 Kc5 41. Rb1 b5 42. Nd2 f5 43. Rc1+ Kb6 44. Nb3 a5 45. Nc5 Re7+ 46. Kd2
Nd4 47. Rc3 Rc7 48. Nb3 Rxc3 49. Kxc3 Nxb3 50. Kxb3 Kc5 0-1

[Event "Lichtenberger Sommer 2017"]
[Site "Berlin"]
[Date "2017.08.20"]
[Round "2.87"]
[White "Jansen, Robert"]
[Black "Papenhagen, Walter"]
[Result "1-0"]
[WhiteElo "1783"]
[BlackElo "1584"]
[PlyCount "47"]
[EventDate "2017.??.??"]
[WhiteTeam "SC Kreuzberg"]
[BlackTeam "SF Friedrichshagen"]

1. d4 d5 2. c4 Nf6 3. cxd5 Nxd5 4. e4 Nf6 5. Nc3 e6 6. Nf3 Be7 7. Be3 O-O 8.
Bd3 h6 9. Rc1 c6 10. O-O Nbd7 11. Bb1 Re8 12. Qc2 Nf8 13. Ne5 N6d7 14. Nf3 b6
15. d5 exd5 16. exd5 c5 17. Rcd1 Bd6 18. a4 Nf6 19. h3 Bb7 20. Ba2 Ba6 21. Rfe1
Qd7 22. Nh4 Ne4 23. Nxe4 Rxe4 24. Qxe4 1-0

[Event "Lichtenberger Sommer 2017"]
[Site "Berlin"]
[Date "2017.08.20"]
[Round "2.88"]
[White "Matthes, Benjamin"]
[Black "Wilke, Hans-Peter"]
[Result "1-0"]
[WhiteElo "1879"]
[BlackElo "1540"]
[PlyCount "51"]
[EventDate "2017.??.??"]
[WhiteTeam "SC Oranienburg"]
[BlackTeam "Läufer Reinickendorf"]

1. e4 c5 2. Nf3 d6 3. d4 cxd4 4. Nxd4 Nc6 5. Nc3 e6 6. Be2 Nf6 7. Be3 Be7 8.
O-O O-O 9. Kh1 e5 10. Nb3 Be6 11. f4 exf4 12. Bxf4 Ne5 13. Nd4 Bc4 14. Nf5 Bxe2
15. Qxe2 Re8 16. Rad1 Bf8 17. Bg5 Qb6 18. Bxf6 gxf6 19. Nd5 Qd8 20. Qf2 Bg7 21.
Nxg7 Kxg7 22. Nxf6 Re7 23. Qg3+ Kh8 24. Qh4 h5 25. Qxh5+ Kg7 26. Qh7+ 1-0

[Event "Lichtenberger Sommer 2017"]
[Site "Berlin"]
[Date "2017.08.20"]
[Round "2.89"]
[White "Plaza Reino, Mateo"]
[Black "Prütz, Sigurd"]
[Result "1/2-1/2"]
[WhiteElo "1370"]
[BlackElo "1686"]
[PlyCount "86"]
[EventDate "2017.??.??"]
[WhiteTeam "Enniscorthy Chess Club"]
[BlackTeam "Königsjäger Süd-West"]

1. d4 Nf6 2. Bf4 d6 3. e3 g6 4. h3 Bg7 5. Nf3 c6 6. c3 Nbd7 7. Bh2 O-O 8. Be2
Re8 9. O-O Ne4 10. Nbd2 Ndf6 11. Nxe4 Nxe4 12. Bd3 Nf6 13. Be2 Qb6 14. Qc2 Bf5
15. Bd3 Bxd3 16. Qxd3 Rad8 17. Qc2 Nd7 18. Rfd1 c5 19. Rac1 c4 20. Nd2 Qc6 21.
Qe4 Qxe4 22. Nxe4 d5 23. Nd2 b5 24. b4 Ra8 25. a3 a5 26. Ra1 Ra6 27. Bc7 axb4
28. axb4 Rea8 29. Rxa6 Rxa6 30. Ba5 e5 31. Nb1 exd4 32. exd4 Ra7 33. Na3 Rb7
34. Re1 Kf8 35. Bd8 Bf6 36. Ba5 Nb8 37. Kf1 Nc6 38. Rb1 Be7 39. Nc2 Ra7 40. Ra1
Bg5 41. Ke2 Ke8 42. g3 Kd7 43. f4 Bd8 1/2-1/2

[Event "Lichtenberger Sommer 2017"]
[Site "Berlin"]
[Date "2017.08.20"]
[Round "2.90"]
[White "Gnaß, Erhard"]
[Black "Mayer, Herbert"]
[Result "1/2-1/2"]
[WhiteElo "1466"]
[BlackElo "1867"]
[PlyCount "68"]
[EventDate "2017.??.??"]
[WhiteTeam "SK Zehlendorf"]
[BlackTeam "SC Rochade (Berlin)"]

1. c4 Nf6 2. Nf3 d5 3. e3 g6 4. Be2 Bg7 5. O-O O-O 6. d4 Nc6 7. Nc3 Bg4 8. c5
Ne4 9. a3 e5 10. h3 Bxf3 11. Bxf3 Nxc3 12. bxc3 e4 13. Be2 Ne7 14. a4 b6 15.
Ba3 bxc5 16. Bxc5 c6 17. a5 Re8 18. Qa4 Qc7 19. Rab1 Nc8 20. c4 dxc4 21. Bxc4
Nd6 22. Be2 Bf8 23. Rfc1 Rab8 24. a6 Rec8 25. g3 Rxb1 26. Rxb1 Qd7 27. Kg2 Rc7
28. Qc2 Qe8 29. Bxd6 Bxd6 30. Rb7 f5 31. Qb3+ Kg7 32. Rxc7+ Bxc7 33. Qb7 Qb8
34. Qxc6 Qb6 1/2-1/2

[Event "Lichtenberger Sommer 2017"]
[Site "Berlin"]
[Date "2017.08.20"]
[Round "2.91"]
[White "Krüger, Detlef"]
[Black "Timm, Christian"]
[Result "1-0"]
[WhiteElo "1816"]
[BlackElo "1605"]
[PlyCount "43"]
[EventDate "2017.??.??"]
[WhiteTeam "TSG Fredersdorf/Vogelsdorf"]
[BlackTeam "SV Königsspringer"]

1. e4 c5 2. d4 cxd4 3. Bc4 Nc6 4. c3 dxc3 5. Nxc3 e6 6. Nf3 Be7 7. O-O a6 8.
Qe2 Qc7 9. Rd1 d6 10. Bf4 Nf6 11. e5 dxe5 12. Nxe5 Na5 13. Bg3 b5 14. Bd3 Qb6
15. Rac1 Bb7 16. Nxb5 Nc6 17. Nxc6 Bxc6 18. Nc7+ Kf8 19. Nxa8 Bxa8 20. Rc8+ Ne8
21. Rxa8 f6 22. Qh5 1-0

[Event "Lichtenberger Sommer 2017"]
[Site "Berlin"]
[Date "2017.08.20"]
[Round "2.92"]
[White "Paris, Gerhard"]
[Black "Schauties, Nico Antonio"]
[Result "0-1"]
[WhiteElo "1486"]
[BlackElo "1690"]
[PlyCount "126"]
[EventDate "2017.??.??"]
[WhiteTeam "TSG Oberschöneweide"]
[BlackTeam "SV Mattnetz Berlin"]

1. e4 e6 2. d4 d5 3. e5 c5 4. c3 Bd7 5. Nf3 Nc6 6. Be2 Qc7 7. O-O cxd4 8. cxd4
Nge7 9. Nc3 a6 10. Bf4 Nf5 11. Rc1 Bb4 12. a3 Bxc3 13. Rxc3 b5 14. Qd2 Qb6 15.
Rd1 h6 16. b4 a5 17. Rc5 Nd8 18. g4 Ne7 19. g5 Nb7 20. Rcc1 h5 21. Nh4 g6 22.
Rc2 axb4 23. axb4 O-O 24. Rdc1 Nc6 25. Be3 Ra4 26. Rb1 Rfa8 27. Rcb2 Nbd8 28.
Qd3 Nb8 29. Nxg6 Ra3 30. Rb3 Rxb3 31. Rxb3 Ndc6 32. Nf4 Qd8 33. Nxh5 Ne7 34.
Nf6+ Kf8 35. Qh7 Ng6 36. Bh5 Ra1+ 37. Kg2 Be8 38. Qg8+ Ke7 39. Bxg6 fxg6 40.
Qxe8+ Qxe8 41. Nxe8 Kxe8 42. Rc3 Na6 43. Rc6 Ke7 44. Rb6 Nc7 45. Rb8 Ra8 46.
Rxa8 Nxa8 47. h4 Kf7 48. Kg3 Kg7 49. Kg4 Nb6 50. h5 Nc8 51. hxg6 Kxg6 52. Kh4
Ne7 53. Bd2 Nf5+ 54. Kg4 Nxd4 55. Be3 Nc6 56. Bc5 Nxe5+ 57. Kf4 Nf7 58. Be7 e5+
59. Kg4 d4 60. Kf3 Nxg5+ 61. Bxg5 Kxg5 62. Ke4 Kg4 63. f3+ Kg3 0-1

[Event "Lichtenberger Sommer 2017"]
[Site "Berlin"]
[Date "2017.08.20"]
[Round "2.93"]
[White "Pixa, Ulrich"]
[Black "Lange, Johannes Friedrich"]
[Result "1-0"]
[WhiteElo "1598"]
[BlackElo "1545"]
[PlyCount "77"]
[EventDate "2017.??.??"]
[WhiteTeam "SV Mattnetz Berlin"]
[BlackTeam "TSG Oberschöneweide"]

1. e4 e5 2. Nf3 Nc6 3. Bc4 Bc5 4. c3 Nf6 5. d3 h6 6. Be3 Bxe3 7. fxe3 d6 8. O-O
O-O 9. Nbd2 d5 10. exd5 Nxd5 11. Qe1 a6 12. a4 Bg4 13. Qf2 Re8 14. Nh4 Qd7 15.
Ne4 Be6 16. Qg3 Kh8 17. Nc5 Qe7 18. Nxe6 Qxe6 19. e4 Nf4 20. Qf3 Qf6 21. Nf5
Rad8 22. g3 Nh3+ 23. Kg2 Ng5 24. Qe2 Ne6 25. Nd6 Ned4 26. Nxe8 Nxe2 27. Nxf6
gxf6 28. Rae1 Nxg3 29. Kxg3 Rd6 30. Rf3 Kg7 31. Rg1 Kf8 32. Kh4 Na5 33. Ba2 b5
34. axb5 axb5 35. Kh5 c5 36. Kxh6 f5+ 37. Kh7 f4 38. Bd5 Ke7 39. Ra1 1-0

[Event "Lichtenberger Sommer 2017"]
[Site "Berlin"]
[Date "2017.08.20"]
[Round "2.94"]
[White "Scholta, Danilo"]
[Black "Geisler, Oliver"]
[Result "0-1"]
[WhiteElo "1793"]
[BlackElo "1556"]
[PlyCount "66"]
[EventDate "2017.??.??"]
[WhiteTeam "SV Empor Berlin"]
[BlackTeam "vereinslos"]

1. e4 e5 2. Bc4 c6 3. Nf3 d5 4. exd5 cxd5 5. Bb5+ Bd7 6. Qe2 e4 7. Ne5 Qc7 8.
d4 Nf6 9. O-O Nc6 10. Nxd7 Nxd7 11. c3 Bd6 12. h3 O-O 13. Ba4 h6 14. Be3 Nf6
15. Nd2 Rac8 16. Rac1 Qe7 17. a3 Bb8 18. b4 Qd6 19. g3 Ne7 20. Bf4 Qe6 21. Bxb8
Rxb8 22. Kg2 Nf5 23. Rfe1 Rbc8 24. Nf1 Rc7 25. f3 Rfc8 26. Qd2 exf3+ 27. Kxf3
Ne4 28. Rxe4 dxe4+ 29. Kf2 Qf6 30. Kg2 Re7 31. Ne3 Qg5 32. Nf1 e3 33. Qe2 Nxd4
0-1

[Event "Lichtenberger Sommer 2017"]
[Site "Berlin"]
[Date "2017.08.20"]
[Round "2.95"]
[White "Lippianowski, Stefan"]
[Black "Schiller, Stephan"]
[Result "0-1"]
[WhiteElo "1106"]
[BlackElo "1584"]
[PlyCount "54"]
[EventDate "2017.??.??"]
[WhiteTeam "SV Mattnetz Berlin"]
[BlackTeam "SV Motor Wildau"]

1. e4 g6 2. d4 Bg7 3. Nf3 e6 4. d5 d6 5. Bb5+ c6 6. dxc6 bxc6 7. Bd3 Ne7 8. Bg5
Bxb2 9. Nbd2 Bxa1 10. Qxa1 e5 11. Nc4 Be6 12. Ncxe5 dxe5 13. Qxe5 Rf8 14. Bh6
Nd7 15. Qf4 Qb8 16. O-O Qxf4 17. Bxf4 f6 18. a3 Kf7 19. c4 Nc5 20. Rd1 Nxd3 21.
Rxd3 Rfd8 22. Rd2 Rxd2 23. Bxd2 Bxc4 24. e5 Bd5 25. Nd4 fxe5 26. Ne2 Rb8 27. f3
Rb2 0-1

[Event "Lichtenberger Sommer 2017"]
[Site "Berlin"]
[Date "2017.08.20"]
[Round "2.96"]
[White "Kohlmeyer, Dagobert"]
[Black "Ellert, Oliver"]
[Result "0-1"]
[WhiteElo "1888"]
[BlackElo "1497"]
[PlyCount "106"]
[EventDate "2017.??.??"]
[WhiteTeam "SC Rochade (Berlin)"]
[BlackTeam "SV Empor Berlin"]

1. e4 d5 2. exd5 Qxd5 3. Nc3 Qd6 4. d4 Nc6 5. Be3 Bf5 6. Bb5 O-O-O 7. Bxc6 Qxc6
8. Nf3 Nf6 9. O-O Bg4 10. Ne5 Qe6 11. Nxg4 Qxg4 12. h3 Qxd1 13. Rfxd1 Nd5 14.
Nxd5 Rxd5 15. c4 Rd7 16. d5 g6 17. Bxa7 Bg7 18. Rab1 Rhd8 19. Bd4 Bh6 20. Be3
Bxe3 21. fxe3 e6 22. e4 f5 23. exf5 gxf5 24. Rf1 exd5 25. Rxf5 dxc4 26. Rbf1
Rd1 27. R5f2 Rxf1+ 28. Kxf1 b5 29. Ke1 Kb7 30. Rf7 h6 31. Rf6 Rd6 32. Rxd6 cxd6
33. g4 Kc7 34. a3 d5 35. Kd2 Kd6 36. h4 Ke5 37. g5 hxg5 38. hxg5 d4 39. Kc2 Kf5
40. b3 cxb3+ 41. Kxb3 Kxg5 42. Kc2 Kf4 43. Kd2 Ke4 44. Ke2 Kd5 45. Kd3 Kc5 46.
Kd2 Kc4 47. Kc2 d3+ 48. Kd2 Kd4 49. Kd1 Kc3 50. Kc1 Kb3 51. Kd2 Kxa3 52. Kxd3
b4 53. Kc2 Ka2 0-1

[Event "Lichtenberger Sommer 2017"]
[Site "Berlin"]
[Date "2017.08.20"]
[Round "2.97"]
[White "Dittrich, Hans-Juergen"]
[Black "Ros Gorne, Ramon"]
[Result "1/2-1/2"]
[WhiteElo "1305"]
[BlackElo "1645"]
[PlyCount "38"]
[EventDate "2017.??.??"]
[WhiteTeam "SC Eintracht Berlin"]
[BlackTeam "Sant Boi de Llobregat"]

1. d4 d5 2. Bf4 Nf6 3. Nf3 e6 4. e3 Bd6 5. Bg3 O-O 6. Bd3 Re8 7. c3 b6 8. Nbd2
Bxg3 9. hxg3 h6 10. Ne5 Bd7 11. g4 Nc6 12. Ndf3 Ne4 13. Nxc6 Bxc6 14. Ne5 Bb7
15. Bb5 Rf8 16. Nd7 Re8 17. Ne5 Rf8 18. Nd7 Re8 19. Ne5 Rf8 1/2-1/2

[Event "Lichtenberger Sommer 2017"]
[Site "Berlin"]
[Date "2017.08.20"]
[Round "2.98"]
[White "Matthes, Aaron"]
[Black "Stark, Steven"]
[Result "1-0"]
[WhiteElo "1736"]
[BlackElo "1474"]
[PlyCount "99"]
[EventDate "2017.??.??"]
[WhiteTeam "SC Oranienburg"]
[BlackTeam "BSC Rehberge"]

1. e4 e5 2. Nf3 d6 3. Bc4 Be7 4. c3 Nf6 5. d3 O-O 6. h3 c6 7. O-O Nbd7 8. Re1
b5 9. Bb3 Nc5 10. Bc2 a5 11. Bg5 Ne8 12. Bxe7 Qxe7 13. d4 Nd7 14. Nbd2 Qf6 15.
Nf1 Nc7 16. Ne3 h5 17. Qe2 Ba6 18. Qd2 Rfd8 19. Rad1 Nb6 20. Qc1 Bc8 21. dxe5
dxe5 22. Rxd8+ Qxd8 23. Nxe5 Qf6 24. Nd3 Qg5 25. f4 Qh6 26. Qd1 g6 27. Qf3 Ne6
28. Bb3 Ng7 29. Ne5 Be6 30. Nxc6 Bxb3 31. axb3 g5 32. Ne7+ Kf8 33. N7f5 Nxf5
34. Nxf5 Qg6 35. fxg5 Qxg5 36. Rf1 Rd8 37. Nd4 Qg6 38. Qf5 Qxf5 39. Rxf5 Rd6
40. Rxb5 a4 41. bxa4 Nxa4 42. Rb8+ Ke7 43. Nf5+ Ke6 44. Nxd6 Kxd6 45. Rb5 h4
46. c4 Kc6 47. Kf2 Nb6 48. Rxb6+ Kxb6 49. b3 f6 50. Kf3 1-0

[Event "Lichtenberger Sommer 2017"]
[Site "Berlin"]
[Date "2017.08.20"]
[Round "2.99"]
[White "Kultscher, Christian"]
[Black "Karyah, Thomas"]
[Result "0-1"]
[WhiteElo "1257"]
[BlackElo "1664"]
[PlyCount "42"]
[EventDate "2017.??.??"]
[WhiteTeam "1. SC Anhalt"]
[BlackTeam "SC Zugzwang 95 (Berlin)"]

1. d4 Nf6 2. Nc3 d6 3. e4 g6 4. Nf3 Bg7 5. h3 O-O 6. Be2 c6 7. Be3 Nbd7 8. Qd2
e5 9. O-O-O Qa5 10. dxe5 dxe5 11. Kb1 b5 12. b3 b4 13. Na4 Nxe4 14. Qd3 Nc3+
15. Nxc3 bxc3 16. Qe4 Rb8 17. g4 Nc5 18. Bxc5 Qxc5 19. Qe3 Qa5 20. Rd3 e4 21.
Qxe4 Qa3 0-1

[Event "Lichtenberger Sommer 2017"]
[Site "Berlin"]
[Date "2017.08.20"]
[Round "2.100"]
[White "Günther, Boris"]
[Black "Krüger, Antje-Christine"]
[Result "1-0"]
[WhiteElo "1693"]
[BlackElo "1505"]
[PlyCount "61"]
[EventDate "2017.??.??"]
[WhiteTeam "SF Friedrichshagen"]
[BlackTeam "TSG Fredersdorf/Vogelsdorf"]

1. d4 Nf6 2. c4 g6 3. Nc3 Bg7 4. e4 d6 5. Nf3 O-O 6. Be2 Nbd7 7. Bg5 e5 8. d5
c6 9. dxc6 bxc6 10. Qxd6 h6 11. Qxc6 Rb8 12. Bxf6 Bxf6 13. O-O-O Qe7 14. Nd5
Bg5+ 15. Kc2 Qd8 16. Qd6 Qa5 17. Nxg5 hxg5 18. Ne7+ Kg7 19. Nxc8 Qa4+ 20. Kb1
Rb7 21. Ne7 Nf6 22. Nd5 Nxd5 23. Rxd5 f6 24. Rc1 Rfb8 25. Rd2 Qe8 26. c5 Qa4
27. Rc4 Qa5 28. c6 Rc7 29. Rc5 Qb6 30. Rb5 Qxc6 31. Qxc6 1-0

[Event "Lichtenberger Sommer 2017"]
[Site "Berlin"]
[Date "2017.08.20"]
[Round "2.101"]
[White "Kretzschmar, Gerald"]
[Black "Fock, Amina"]
[Result "0-1"]
[WhiteElo "1360"]
[BlackElo "1587"]
[PlyCount "116"]
[EventDate "2017.??.??"]
[WhiteTeam "USV Halle"]
[BlackTeam "SC Zugzwang 95 (Berlin)"]

1. Nf3 d5 2. c4 e6 3. d4 Nf6 4. a3 c6 5. e3 dxc4 6. Bxc4 b5 7. Bd3 Bb7 8. b4
Nbd7 9. Bd2 Qc7 10. Nc3 Be7 11. O-O O-O 12. Qc2 e5 13. Rfe1 Bd6 14. Bf5 Nb6 15.
Ne4 Nxe4 16. Bxe4 Nc4 17. Bc3 h6 18. Rad1 Nxa3 19. Qb3 Nc4 20. dxe5 Nxe5 21.
Nxe5 Bxe5 22. Bxe5 Qxe5 23. Bg6 Qf6 24. Be4 Qe7 25. Bg6 Kh8 26. Bc2 Rac8 27.
Qd3 f5 28. Qd7 Rc7 29. Qxe7 Rxe7 30. Rd6 Kh7 31. Red1 g6 32. Rd7 Rff7 33. Rd8
Rc7 34. Bb3 Rg7 35. Kf1 c5 36. bxc5 Rxc5 37. Rb8 Rc8 38. Rxc8 Bxc8 39. Rd4 Rd7
40. Ke2 Kg7 41. Kd3 Kf6 42. Kc3 a5 43. Rxd7 Bxd7 44. Kd4 a4 45. Bd5 b4 46. Kc4
b3 47. Kc3 Be6 48. e4 fxe4 49. Bxe4 a3 50. g3 b2 51. Bb1 a2 52. Kxb2 axb1=Q+
53. Kxb1 Kf5 54. Kc2 Ke4 55. Kd2 Kf3 56. Ke1 Bc4 57. h3 h5 58. h4 Ba6 0-1

[Event "Lichtenberger Sommer 2017"]
[Site "Berlin"]
[Date "2017.08.20"]
[Round "2.102"]
[White "Klühs, Gustaf"]
[Black "Toth, Hans-Jürgen"]
[Result "1-0"]
[WhiteElo "1680"]
[BlackElo "1546"]
[PlyCount "41"]
[EventDate "2017.??.??"]
[WhiteTeam "Borussia Friedrichsfelde"]
[BlackTeam "SF Zehdenick"]

1. d4 f5 2. Nf3 Nf6 3. c4 e6 4. Nc3 Bb4 5. Bd2 O-O 6. e3 c6 7. Bd3 d5 8. O-O
Nbd7 9. a3 Be7 10. b4 a6 11. c5 b6 12. Ne2 Ne4 13. cxb6 Nxd2 14. Qxd2 Qxb6 15.
Rfc1 Bb7 16. Ne5 Nf6 17. Nf4 Ne4 18. Bxe4 fxe4 19. Nd7 Qc7 20. Nxf8 Rxf8 21.
Nxe6 1-0

[Event "Lichtenberger Sommer 2017"]
[Site "Berlin"]
[Date "2017.08.20"]
[Round "2.103"]
[White "Petersen, Sophie"]
[Black "Udet, Fabian"]
[Result "0-1"]
[WhiteElo "1437"]
[BlackElo "1680"]
[PlyCount "68"]
[EventDate "2017.??.??"]
[WhiteTeam "SV Rüdersdorf"]
[BlackTeam "1. SC Anhalt"]

1. e4 c5 2. Nf3 e6 3. d4 cxd4 4. Nxd4 Bc5 5. Be3 Qb6 6. b3 Nc6 7. Nxc6 Bxe3 8.
fxe3 Qxe3+ 9. Qe2 Qc1+ 10. Kf2 dxc6 11. Qd3 Nf6 12. g3 O-O 13. Bg2 Ng4+ 14. Ke2
Qg5 15. Nc3 Rd8 16. Qf3 Qd2+ 17. Kf1 Ne3+ 18. Kg1 Qxc3 19. Rf1 Rd7 20. h4 Qc5
21. Kh2 Nxf1+ 22. Rxf1 b6 23. Kh3 e5 24. Kh2 Re7 25. c4 Be6 26. Rd1 Rd7 27. Rf1
Rad8 28. Rg1 Rd2 29. Kh1 Rf2 30. Qc3 Rdd2 31. g4 Bxg4 32. Qg3 Be6 33. h5 h6 34.
a4 Qd4 0-1